[Event "C.to Mondiale U12 femminile"]
[Site "Antalya TUR"]
[Date "2009.11.19"]
[Round "8"]
[White "Khomeriki, Nino"]
[Black "Gueci, Laura"]
[Result "1-0"]
[WhiteElo "1700"]
[BlackElo "1611"]
[PlyCount "69"]
[EventDate "2009.11.12"]

1. c4 c5 2. Nc3 Nc6 3. g3 g6 4. Bg2 Bg7 5. e3 d6 6. Nge2 Nf6 7. O-O O-O 8. d4
cxd4 9. exd4 Bf5 10. Bg5 Rc8 11. b3 h6 12. Bxf6 Bxf6 13. Qd2 Qd7 14. d5 Ne5 15.
Qxh6 Bg7 16. Qe3 a6 17. Rad1 Bh3 18. Ne4 Bxg2 19. Kxg2 b5 20. f4 Ng4 21. Qd3
bxc4 22. bxc4 Qa4 23. h3 Nf6 24. Nxf6+ Bxf6 25. f5 Qxc4 26. Qe3 Kg7 27. fxg6
fxg6 28. Nf4 Rg8 29. Ne6+ Kf7 30. Ng5+ Kg7 31. Ne6+ Kh7 32. Rf4 Qxa2+ 33. Kh1
Rc3 34. Qxc3 Bxc3 35. Rh4# 1-0

[Event "C.to Mondiale U12 femminile"]
[Site "Antalya TUR"]
[Date "2009.11.20"]
[Round "9"]
[White "Gueci, Laura"]
[Black "Biryukov, Alice"]
[Result "1/2-1/2"]
[WhiteElo "1611"]
[BlackElo "1717"]
[PlyCount "91"]
[EventDate "2009.11.12"]

1. e4 e5 2. Nf3 Nf6 3. Nxe5 d6 4. Nf3 Nxe4 5. Nc3 Nf6 6. d4 Bg4 7. Bf4 Be7 8.
h3 Bf5 9. Qd2 d5 10. O-O-O Nc6 11. Bd3 Bxd3 12. Qxd3 Qd7 13. Ne5 Nb4 14. Qb5
Nxa2+ 15. Kd2 Nxc3 16. Qxb7 Nce4+ 17. Ke3 Qc8 18. Qc6+ Kf8 19. f3 Nd6 20. g4
Nc4+ 21. Kf2 Nxe5 22. dxe5 Nd7 23. Rxd5 Nb6 24. Rd3 Bh4+ 25. Ke2 Qa6 26. Rhd1
Qc4 27. Qxc4 Nxc4 28. g5 Re8 29. Rd7 Nxe5 30. Bxe5 Rxe5+ 31. Kf1 Bxg5 32. Rxc7
g6 33. Rxa7 Rf5 34. Kg2 Kg7 35. b4 Re8 36. Ra3 Re2+ 37. Kf1 Rxc2 38. Rb1 Rh2
39. Kg1 Rxh3 40. Kg2 Rh4 41. b5 Rff4 42. Rab3 Be7 43. b6 Bd6 44. Rd1 Be5 45.
Rb5 Bb8 46. Rd8 1/2-1/2

[Event "C.to Mondiale U12 femminile"]
[Site "Antalya TUR"]
[Date "2009.11.21"]
[Round "10"]
[White "Dadello, Aleksandra"]
[Black "Gueci, Laura"]
[Result "0-1"]
[WhiteElo "1708"]
[BlackElo "1611"]
[PlyCount "48"]
[EventDate "2009.11.12"]

1. e4 c5 2. Nf3 d6 3. d4 cxd4 4. Nxd4 Nf6 5. Nc3 a6 6. Be3 e5 7. Nb3 Be6 8. f3
Nbd7 9. Qd2 b5 10. g4 Nb6 11. Bxb6 Qxb6 12. O-O-O Be7 13. h4 h6 14. Nd5 Bxd5
15. exd5 a5 16. Kb1 a4 17. Nc1 b4 18. Bh3 Ra5 19. Nd3 Nxd5 20. g5 Nc3+ 21. Ka1
Nxd1 22. Rxd1 b3 23. cxb3 axb3 24. a3 hxg5 0-1

[Event "C.to Mondiale U12 femminile"]
[Site "Antalya TUR"]
[Date "2009.11.22"]
[Round "11"]
[White "Gueci, Laura"]
[Black "Chetina, Elizaveta"]
[Result "0-1"]
[WhiteElo "1611"]
[BlackElo "1726"]
[PlyCount "71"]
[EventDate "2009.11.12"]

1. e4 e5 2. Nf3 Nc6 3. d4 exd4 4. Nxd4 Bc5 5. Be3 Qf6 6. c3 Nge7 7. g3 Bb6 8.
Bg2 d6 9. O-O Nxd4 10. Bxd4 Bxd4 11. Qxd4 Qh6 12. f4 O-O 13. Na3 Nc6 14. Qd3 a6
15. Nc4 Bh3 16. Ne3 Bxg2 17. Kxg2 Rfe8 18. Nd5 Rac8 19. Rae1 Ne7 20. Ne3 Qe6
21. b3 f6 22. c4 Rcd8 23. Nd5 Nxd5 24. cxd5 Qf7 25. Rd1 Re7 26. Rfe1 Rde8 27.
Qf3 f5 28. Rd4 Qg6 29. exf5 Qxf5 30. Rxe7 Rxe7 31. Rc4 h5 32. a3 g6 33. Rc1 Qd7
34. h3 Qe8 35. g4 hxg4 36. hxg4 0-1

[Event "C.to Mondiale U14"]
[Site "Antalya TUR"]
[Date "2009.11.12"]
[Round "1"]
[White "Nikologorskiy, Konstantin"]
[Black "Bisi, Samuele"]
[Result "1-0"]
[WhiteElo "2164"]
[BlackElo "1774"]
[PlyCount "43"]
[EventDate "2009.11.12"]

1. c4 e5 2. Nc3 Nf6 3. g3 d5 4. cxd5 Nxd5 5. Bg2 Be6 6. Nf3 Nc6 7. O-O f6 8. d3
Bb4 9. Bd2 O-O 10. a3 Bc5 11. Rc1 Bb6 12. Na4 Rc8 13. Nc5 Bxc5 14. Rxc5 Qd6 15.
Qc1 Nb6 16. Be3 a6 17. Nd2 Nd5 18. Ne4 Qd7 19. Rc2 Nxe3 20. fxe3 Bh3 21. Nc5
Qg4 22. Rc4 1-0

[Event "C.to Mondiale U14"]
[Site "Antalya TUR"]
[Date "2009.11.13"]
[Round "2"]
[White "Boscolo, Federico"]
[Black "Grandadam, Patrik"]
[Result "1/2-1/2"]
[WhiteElo "1990"]
[BlackElo "2133"]
[PlyCount "43"]
[EventDate "2009.11.12"]

1. e4 c5 2. c3 d5 3. exd5 Qxd5 4. d4 Nf6 5. Nf3 Bg4 6. Nbd2 e6 7. Bc4 Qd7 8.
Qb3 Bxf3 9. Nxf3 a6 10. a4 Nc6 11. Ne5 Qc7 12. Nxc6 Qxc6 13. O-O cxd4 14. cxd4
Rc8 15. Be2 Qd5 16. Qd3 Be7 17. Bf3 Qd7 18. Qb3 Nd5 19. Bd2 O-O 20. Rac1 Bf6
21. Bc3 Rc7 22. Ba5 1/2-1/2

[Event "C.to Mondiale U14"]
[Site "Antalya TUR"]
[Date "2009.11.14"]
[Round "3"]
[White "Ly, Daniel"]
[Black "Bisi, Samuele"]
[Result "1-0"]
[WhiteElo "2024"]
[BlackElo "1774"]
[PlyCount "71"]
[EventDate "2009.11.12"]

1. e4 e5 2. Nf3 Nc6 3. Bc4 Nf6 4. d3 Bc5 5. c3 O-O 6. O-O d6 7. b4 Bb6 8. Nbd2
Be6 9. Re1 Qd7 10. Bb3 Kh8 11. Nc4 Bxc4 12. Bxc4 Ng4 13. Re2 f5 14. h3 Nf6 15.
Qb3 Rae8 16. a4 a5 17. b5 Nd8 18. Be3 fxe4 19. dxe4 Bxe3 20. Rxe3 Ne6 21. b6
Nc5 22. Qc2 c6 23. Rd1 Nh5 24. Nh4 Rd8 25. Be2 Nf4 26. Bg4 Qf7 27. g3 h5 28.
Bf5 g6 29. gxf4 gxf5 30. exf5 Rg8+ 31. Ng6+ Kh7 32. fxe5 dxe5 33. Rxd8 Rxd8 34.
Rxe5 Qc4 35. Re7+ Kg8 36. f6 1-0

[Event "C.to Mondiale U14"]
[Site "Antalya TUR"]
[Date "2009.11.14"]
[Round "3"]
[White "Ynojosa, Felix Jose'"]
[Black "Boscolo, Federico"]
[Result "1-0"]
[WhiteElo "2156"]
[BlackElo "1990"]
[PlyCount "69"]
[EventDate "2009.11.12"]

1. e4 c5 2. c3 Nf6 3. e5 Nd5 4. d4 cxd4 5. Nf3 e6 6. cxd4 b6 7. Nc3 Nxc3 8.
bxc3 Qc7 9. Qc2 d6 10. Bd3 Nd7 11. Be4 Bb7 12. O-O dxe5 13. Nxe5 Nxe5 14. dxe5
Rc8 15. Be3 Bc5 16. Qa4+ Bc6 17. Bxc6+ Qxc6 18. Qg4 Bxe3 19. Qxg7 Rf8 20. fxe3
Qxc3 21. Qg5 h6 22. Qxh6 Qxe5 23. Rad1 Rg8 24. Qh7 Rf8 25. Qd3 Qc7 26. Rf4 Rh8
27. g3 Rd8 28. Qxd8+ Qxd8 29. Rxd8+ Kxd8 30. Rxf7 a5 31. Rb7 Rh5 32. Rxb6 Kd7
33. Ra6 Rb5 34. a4 Re5 35. Kf2 1-0

[Event "C.to Mondiale U14"]
[Site "Antalya TUR"]
[Date "2009.11.15"]
[Round "4"]
[White "Boscolo, Federico"]
[Black "Mcdonald, Ian"]
[Result "0-1"]
[WhiteElo "1990"]
[BlackElo "1635"]
[PlyCount "68"]
[EventDate "2009.11.12"]

1. e4 e5 2. Nf3 Nf6 3. Nxe5 d6 4. Nf3 Nxe4 5. d4 d5 6. Bd3 Bd6 7. O-O O-O 8. c4
c6 9. Qc2 Re8 10. Nc3 Bg4 11. Ne5 Bxe5 12. dxe5 Nxc3 13. Qxc3 dxc4 14. Bxc4 Nd7
15. f4 Nb6 16. Bb3 Nd5 17. Qg3 Bf5 18. Qf3 Qb6+ 19. Kh1 Qa6 20. Re1 Nb4 21. Qc3
Nd5 22. Qg3 Nb4 23. Bd2 Nd3 24. Bc3 Nxe1 25. Rxe1 Re7 26. e6 fxe6 27. h3 Rae8
28. Qg5 Rf7 29. g4 Be4+ 30. Kh2 Qd3 31. Qe5 Bd5 32. Rd1 Qf3 33. Bxd5 cxd5 34.
Re1 Rd8 0-1

[Event "C.to Mondiale U14"]
[Site "Antalya TUR"]
[Date "2009.11.16"]
[Round "5"]
[White "Akdas, Tutku Doruk"]
[Black "Boscolo, Federico"]
[Result "0-1"]
[WhiteElo "1776"]
[BlackElo "1990"]
[PlyCount "67"]
[EventDate "2009.11.12"]

1. e4 c5 2. Nc3 d6 3. g3 Nc6 4. Bg2 g6 5. d3 Bg7 6. f4 Nd4 7. Be3 Rb8 8. h3 b5
9. a3 b4 10. axb4 Rxb4 11. Na4 Be6 12. Bd2 Nxc2+ 13. Qxc2 Bb3 14. Qc1 Rxa4 15.
Rxa4 Bxa4 16. Qc4 Qd7 17. b3 Bb5 18. Qc2 Nf6 19. Nf3 O-O 20. O-O Rb8 21. e5 Nh5
22. g4 dxe5 23. gxh5 Bxd3 24. Qa2 Bxf1 25. Bxf1 e4 26. Ng5 Bd4+ 27. Kh1 e3 28.
Be1 Bf6 29. hxg6 hxg6 30. Ne4 Qd1 31. Nxf6+ exf6 32. Qa5 e2 33. Bg2 Rxb3 34.
Kh2 0-1

[Event "C.to Mondiale U14"]
[Site "Antalya TUR"]
[Date "2009.11.16"]
[Round "5"]
[White "Melnyk, Igor"]
[Black "Bisi, Samuele"]
[Result "1-0"]
[WhiteElo "1966"]
[BlackElo "1774"]
[PlyCount "63"]
[EventDate "2009.11.12"]

1. c4 e5 2. Nc3 Nf6 3. g3 d5 4. cxd5 Nxd5 5. Bg2 Nb6 6. Nf3 Nc6 7. O-O Be7 8.
d3 O-O 9. Be3 Be6 10. Rc1 f5 11. Qd2 h6 12. h4 Qd7 13. Rfd1 Bd6 14. Nb5 f4 15.
Bc5 Rf6 16. d4 Bxc5 17. dxc5 Qxd2 18. Nxd2 Nd5 19. Bxd5 Bxd5 20. Nxc7 Rd8 21.
Nxd5 Rxd5 22. Ne4 Rxd1+ 23. Rxd1 Rf7 24. e3 fxe3 25. fxe3 Rf3 26. Re1 g5 27.
hxg5 hxg5 28. Kg2 Rf5 29. g4 Rf7 30. Rd1 Nb4 31. Nxg5 Rc7 32. Rd8+ 1-0

[Event "C.to Mondiale U14"]
[Site "Antalya TUR"]
[Date "2009.11.16"]
[Round "6"]
[White "Bisi, Samuele"]
[Black "Flermoen, Peter"]
[Result "0-1"]
[WhiteElo "1774"]
[BlackElo "2100"]
[PlyCount "66"]
[EventDate "2009.11.12"]

1. d4 Nf6 2. c4 g6 3. Nc3 d5 4. Nf3 Bg7 5. Qb3 c6 6. Bf4 O-O 7. e3 b6 8. Be2
Ba6 9. O-O e6 10. Rfe1 dxc4 11. Bxc4 Bxc4 12. Qxc4 Nd5 13. Bg5 Qd7 14. e4 Nxc3
15. bxc3 Rc8 16. Rac1 Qc7 17. Red1 Nd7 18. Qe2 c5 19. Be3 Nf6 20. Qd3 Rd8 21.
Nd2 Ng4 22. Nf3 Nxe3 23. fxe3 Rd7 24. Qe2 Rad8 25. e5 h5 26. Rd3 Bh6 27. Rcd1
Qc6 28. Kf2 g5 29. Nxg5 Bxg5 30. Qxh5 f6 31. exf6 Bxf6 32. Qg6+ Rg7 33. Qh5 c4
0-1

[Event "C.to Mondiale U14"]
[Site "Antalya TUR"]
[Date "2009.11.16"]
[Round "6"]
[White "Boscolo, Federico"]
[Black "Koc, Omer Tarik"]
[Result "1-0"]
[WhiteElo "1990"]
[BlackElo "1867"]
[PlyCount "55"]
[EventDate "2009.11.12"]

1. e4 c5 2. c3 d5 3. exd5 Qxd5 4. d4 Nf6 5. Nf3 Bg4 6. Nbd2 e6 7. Bc4 Qd6 8.
Qb3 Qb6 9. Bb5+ Nc6 10. Nc4 Qc7 11. Nfe5 cxd4 12. h3 Bf5 13. Bf4 Qc8 14. Na5 a6
15. Ba4 Be4 16. Qxb7 Qxb7 17. Nxb7 Rc8 18. f3 Bd5 19. c4 Bb4+ 20. Kf2 O-O 21.
cxd5 Nxd5 22. Nxc6 Rxc6 23. Bxc6 Nxf4 24. Rhd1 d3 25. g3 Nxh3+ 26. Kg2 Ng5 27.
f4 Rc8 28. Rac1 1-0

[Event "C.to Mondiale U14"]
[Site "Antalya TUR"]
[Date "2009.11.18"]
[Round "7"]
[White "Nikologorskiy, Konstantin"]
[Black "Boscolo, Federico"]
[Result "1-0"]
[WhiteElo "2164"]
[BlackElo "1990"]
[PlyCount "91"]
[EventDate "2009.11.12"]

1. c4 Nf6 2. Nc3 g6 3. g3 Bg7 4. Bg2 O-O 5. e4 c5 6. Nge2 Nc6 7. O-O Ne8 8. Rb1
Nc7 9. a3 a5 10. d3 Ne6 11. Bd2 Ned4 12. Nxd4 Nxd4 13. f4 d6 14. g4 e6 15. Qe1
f5 16. g5 Rb8 17. h4 h5 18. gxh6 Bxh6 19. e5 Kh7 20. Na2 dxe5 21. Qxe5 Qxh4 22.
Nc3 Bd7 23. Qxc5 Nb3 24. Be1 Nxc5 25. Bxh4 Nb3 26. Rbd1 Nd4 27. Be7 Rfe8 28.
Bd6 b5 29. Bxb8 Rxb8 30. cxb5 Bxb5 31. Kh2 Ba6 32. Rf2 Bg7 33. Kg3 e5 34. Bd5
Bf6 35. Ne2 Nc2 36. Rh2+ Kg7 37. Rdh1 exf4+ 38. Nxf4 Be5 39. Rh7+ Kf6 40. R1h6
Bxf4+ 41. Kxf4 Rf8 42. Rd7 Bxd3 43. Rd6+ Ke7 44. Rdxg6 Bb5 45. Rg7+ Kd8 46.
Rd6+ 1-0

[Event "C.to Mondiale U14"]
[Site "Antalya TUR"]
[Date "2009.11.20"]
[Round "9"]
[White "Kriebel, Tadeas"]
[Black "Boscolo, Federico"]
[Result "1-0"]
[WhiteElo "2173"]
[BlackElo "1990"]
[PlyCount "83"]
[EventDate "2009.11.12"]

1. e4 c5 2. Nf3 d6 3. d4 cxd4 4. Nxd4 Nf6 5. Nc3 g6 6. Be3 Bg7 7. f3 O-O 8. Qd2
Nc6 9. Bc4 Bd7 10. Bb3 Nxd4 11. Bxd4 b5 12. a4 bxa4 13. Nxa4 Be6 14. Ra3 Bxb3
15. Rxb3 e5 16. Bf2 d5 17. exd5 Qxd5 18. Qxd5 Nxd5 19. O-O Rfc8 20. c3 Rc7 21.
Rd1 Nf4 22. Nc5 Rac8 23. Na6 Rc6 24. Rb8 Rxb8 25. Nxb8 Rc7 26. Rd8+ Bf8 27. Nd7
Ne6 28. Nf6+ Kh8 29. Ra8 Rb7 30. Bg3 Rb5 31. Ng4 Kg8 32. Bxe5 h5 33. Nf6+ Kg7
34. Nd7+ f6 35. Nxf8 Nxf8 36. Rxa7+ Kg8 37. Bxf6 Ne6 38. b4 Rd5 39. c4 Rd2 40.
b5 Nc5 41. b6 Nd3 42. h4 1-0

[Event "C.to Mondiale U14"]
[Site "Antalya TUR"]
[Date "2009.11.21"]
[Round "10"]
[White "Boscolo, Federico"]
[Black "Jung, Young Hoon"]
[Result "1-0"]
[WhiteElo "1990"]
[BlackElo "1728"]
[PlyCount "57"]
[EventDate "2009.11.12"]

1. e4 e5 2. Nf3 Nf6 3. Nxe5 d6 4. Nf3 Nxe4 5. d4 d5 6. Bd3 Be7 7. O-O O-O 8. c4
c6 9. Qc2 Nf6 10. h3 h6 11. c5 Qc7 12. Ne5 Be6 13. Bf4 Qc8 14. Nd2 Nbd7 15.
Ndf3 Nxe5 16. Nxe5 Nd7 17. Nf3 b6 18. b4 a5 19. a3 b5 20. a4 bxa4 21. b5 Nb8
22. Bxb8 Rxb8 23. b6 Bf6 24. Rxa4 Re8 25. Rxa5 Bxh3 26. gxh3 Qxh3 27. Bh7+ Kh8
28. Qf5 Qxf5 29. Bxf5 1-0

[Event "C.to Mondiale U14"]
[Site "Antalya TUR"]
[Date "2009.11.22"]
[Round "11"]
[White "Tesik, Csaba"]
[Black "Boscolo, Federico"]
[Result "0-1"]
[WhiteElo "2185"]
[BlackElo "1990"]
[PlyCount "64"]
[EventDate "2009.11.12"]

1. e4 c5 2. Nf3 d6 3. d4 cxd4 4. Nxd4 Nf6 5. Nc3 g6 6. Be2 Bg7 7. Be3 O-O 8.
Nb3 Nc6 9. f4 a6 10. g4 b5 11. g5 Nd7 12. Qd2 Nb6 13. O-O-O Rb8 14. Nd4 Qc7 15.
h4 Nxd4 16. Bxd4 Bxd4 17. Qxd4 Qc5 18. Rhf1 Bb7 19. f5 b4 20. Qxc5 dxc5 21. Nd5
Nxd5 22. exd5 Rbd8 23. Bc4 Rd6 24. Rfe1 Rd7 25. Re5 Rfd8 26. Rd3 Kg7 27. h5
gxh5 28. b3 f6 29. gxf6+ Kxf6 30. Re6+ Kxf5 31. Rh6 Bxd5 32. Rxh7 Bc6 0-1

[Event "C.to Mondiale U14 femminile"]
[Site "Antalya TUR"]
[Date "2009.11.12"]
[Round "1"]
[White "Balzano, Filli"]
[Black "Eid, Maha"]
[Result "1/2-1/2"]
[WhiteElo "1688"]
[BlackElo "1993"]
[PlyCount "64"]
[EventDate "2009.11.12"]

1. e4 c5 2. c3 d5 3. exd5 Qxd5 4. d4 Nf6 5. Nf3 e6 6. Be2 Be7 7. O-O O-O 8. Be3
cxd4 9. cxd4 Rd8 10. Nc3 Qa5 11. Qb3 Nc6 12. a3 a6 13. Rfd1 b5 14. d5 exd5 15.
Nxd5 Nxd5 16. Rxd5 Be6 17. Rxd8+ Rxd8 18. Qc2 Rc8 19. Qe4 Bf6 20. Rc1 Ne7 21.
Rxc8+ Bxc8 22. Bd3 Qd8 23. Qxh7+ Kf8 24. Qh8+ Ng8 25. Bc5+ Be7 26. Bxe7+ Kxe7
27. Qh4+ Nf6 28. Qb4+ Qd6 29. Qxd6+ Kxd6 30. Kf1 Nd5 31. Bc2 a5 32. Bb3 f6
1/2-1/2

[Event "C.to Mondiale U14 femminile"]
[Site "Antalya TUR"]
[Date "2009.11.13"]
[Round "2"]
[White "Nandhidhaa, P.V."]
[Black "Balzano, Filli"]
[Result "1-0"]
[WhiteElo "2007"]
[BlackElo "1688"]
[PlyCount "66"]
[EventDate "2009.11.12"]

1. e4 c6 2. d4 d5 3. exd5 cxd5 4. Bd3 Nc6 5. c3 Nf6 6. Bf4 e6 7. Nf3 Bd6 8.
Bxd6 Qxd6 9. O-O O-O 10. Nbd2 Re8 11. Re1 e5 12. dxe5 Nxe5 13. Nxe5 Rxe5 14.
Rxe5 Qxe5 15. Nf3 Qc7 16. Nd4 Ng4 17. g3 Ne5 18. Bf1 Bd7 19. Bg2 Bc6 20. Nf5
Rd8 21. Qd4 g6 22. Nh6+ Kg7 23. Ng4 f6 24. Nxf6 Kxf6 25. f4 Re8 26. fxe5+ Qxe5
27. Qxa7 Qe2 28. Qd4+ Qe5 29. Rf1+ Kg7 30. Qxe5+ Rxe5 31. Bf3 Re3 32. Rf2 Re7
33. Bd1 Bd7 1-0

[Event "C.to Mondiale U14 femminile"]
[Site "Antalya TUR"]
[Date "2009.11.13"]
[Round "2"]
[White "Pratyusha, Bodda"]
[Black "Movileanu, Daniela"]
[Result "1-0"]
[WhiteElo "2001"]
[BlackElo "1825"]
[PlyCount "48"]
[EventDate "2009.11.12"]

1. e4 e5 2. Bc4 Nf6 3. d3 c6 4. Nf3 d5 5. Bb3 Bd6 6. Nc3 d4 7. Ne2 Bg4 8. Ng3
Nh5 9. Nf5 Bxf5 10. exf5 Nf6 11. O-O O-O 12. Bg5 Nbd7 13. Re1 Qc7 14. Nd2 Rfe8
15. Qf3 h6 16. Bh4 Bb4 17. Rad1 b5 18. Re2 Bxd2 19. Rdxd2 Rac8 20. Rd1 Qd6 21.
g4 Nd5 22. Bg3 Kh8 23. Rc1 f6 24. h4 N7b6 1-0

[Event "C.to Mondiale U14 femminile"]
[Site "Antalya TUR"]
[Date "2009.11.15"]
[Round "4"]
[White "Galunova, Tsveta"]
[Black "Movileanu, Daniela"]
[Result "1/2-1/2"]
[WhiteElo "1961"]
[BlackElo "1825"]
[PlyCount "32"]
[EventDate "2009.11.12"]

1. e4 e5 2. Nf3 Nc6 3. Bc4 Bc5 4. O-O Nf6 5. d3 d6 6. c3 O-O 7. Nbd2 h6 8. Re1
Be6 9. h3 Ne7 10. d4 exd4 11. Nxd4 Bd7 12. N2f3 Ng6 13. Nf5 Re8 14. Qb3 Be6 15.
Bxe6 fxe6 16. N5d4 Qc8 1/2-1/2

[Event "C.to Mondiale U14 femminile"]
[Site "Antalya TUR"]
[Date "2009.11.15"]
[Round "4"]
[White "Rodrigues Dos Santos, Fernanda"]
[Black "Balzano, Filli"]
[Result "1-0"]
[WhiteElo "1949"]
[BlackElo "1688"]
[PlyCount "69"]
[EventDate "2009.11.12"]

1. d4 d5 2. c4 c6 3. cxd5 cxd5 4. Nc3 Nc6 5. Nf3 Nf6 6. Bf4 a6 7. e3 Bf5 8. a3
e6 9. Rc1 Rc8 10. Bd3 Bg6 11. O-O Bd6 12. Bxd6 Qxd6 13. Na4 Nd7 14. Qb3 Bxd3
15. Qxd3 O-O 16. Nc5 Nxc5 17. Rxc5 Ne7 18. Rfc1 Qb8 19. g3 g6 20. Ne5 Rxc5 21.
Rxc5 Rc8 22. Nd7 Qa7 23. Rxc8+ Nxc8 24. Qc3 Qa8 25. Qc7 Ne7 26. Ne5 Qf8 27.
Qxb7 Nc8 28. Qc7 Ne7 29. Nd7 Qa8 30. Nf6+ Kf8 31. Nxh7+ Ke8 32. Nf6+ Kf8 33.
Nd7+ Kg8 34. Ne5 Kf8 35. Qd6 1-0

[Event "C.to Mondiale U14 femminile"]
[Site "Antalya TUR"]
[Date "2009.11.16"]
[Round "5"]
[White "Balzano, Filli"]
[Black "Azadvari, Zahra"]
[Result "1-0"]
[WhiteElo "1688"]
[BlackElo "1847"]
[PlyCount "87"]
[EventDate "2009.11.12"]

1. e4 c6 2. d4 d5 3. Nc3 dxe4 4. Nxe4 Bf5 5. Ng3 Bg6 6. h4 h6 7. Nf3 Nd7 8. h5
Bh7 9. Bd3 Bxd3 10. Qxd3 Qc7 11. Bd2 Ngf6 12. c4 e6 13. O-O-O O-O-O 14. Kb1 c5
15. Qc3 Nb6 16. Be3 Bd6 17. Ne2 Ng4 18. b3 Nxe3 19. fxe3 Be7 20. Rhf1 Bf6 21.
Qa5 cxd4 22. exd4 Nd5 23. Qxc7+ Nxc7 24. Ng3 b5 25. Ne4 bxc4 26. bxc4 Kd7 27.
Nxf6+ gxf6 28. Nd2 Ke7 29. Ne4 f5 30. Nc5 Rhg8 31. Rd2 a5 32. Kc2 Rg4 33. Kc3
Ne8 34. d5 Rc8 35. Nb3 Rcxc4+ 36. Kb2 a4 37. Na5 Nd6 38. Ka1 Rcf4 39. Rc1 exd5
40. Rxd5 Rxg2 41. Nc6+ Ke6 42. Rcd1 Ne4 43. R5d4 Nc3 44. Rd6# 1-0

[Event "C.to Mondiale U14 femminile"]
[Site "Antalya TUR"]
[Date "2009.11.16"]
[Round "5"]
[White "Movileanu, Daniela"]
[Black "Rodrigues Dos Santos, Fernanda"]
[Result "1-0"]
[WhiteElo "1825"]
[BlackElo "1949"]
[PlyCount "102"]
[EventDate "2009.11.12"]

1. e4 e6 2. d4 d5 3. e5 c5 4. c3 Qb6 5. Nf3 Nc6 6. a3 Bd7 7. Be2 Rc8 8. O-O Nh6
9. b4 cxd4 10. cxd4 Nf5 11. Bb2 Be7 12. h3 Na5 13. Nbd2 Nc4 14. Nxc4 dxc4 15.
Bc3 O-O 16. Qc2 Bc6 17. Rad1 Qa6 18. Qb2 Rfd8 19. Nd2 b5 20. Bf3 Qb7 21. Bxc6
Qxc6 22. Nf3 Rd7 23. Qc2 Qa6 24. Ra1 Qb6 25. a4 a6 26. axb5 axb5 27. Ra2 Nxd4
28. Bxd4 Rxd4 29. Nxd4 Qxd4 30. Qd2 Qxe5 31. Qd7 Qc7 32. Qxc7 Rxc7 33. Ra8+ Bf8
34. Rd1 f6 35. Rdd8 Rf7 36. Rab8 g5 37. Rdc8 Kg7 38. Rxb5 h5 39. Rxc4 Rd7 40.
g3 Kg6 41. g4 Rd3 42. Kg2 h4 43. Rb6 e5 44. b5 Rd2 45. Rbc6 Rb2 46. b6 Bg7 47.
Ra4 Bf8 48. Ra7 Bb4 49. Rcc7 Bf8 50. b7 e4 51. Rc8 Bd6 1-0

[Event "C.to Mondiale U14 femminile"]
[Site "Antalya TUR"]
[Date "2009.11.16"]
[Round "6"]
[White "Unapkoshvili, Nani"]
[Black "Movileanu, Daniela"]
[Result "1-0"]
[WhiteElo "1993"]
[BlackElo "1825"]
[PlyCount "79"]
[EventDate "2009.11.12"]

1. Nf3 d5 2. g3 Nf6 3. Bg2 c6 4. O-O Bg4 5. d4 Nbd7 6. c4 e6 7. Qb3 Qb6 8. c5
Qxb3 9. axb3 Be7 10. Nc3 O-O 11. b4 b6 12. Ra6 Nb8 13. Ra3 Nbd7 14. Bf4 a5 15.
Rfa1 Ra7 16. cxb6 Nxb6 17. Rxa5 Rb7 18. b5 c5 19. Ra7 Rxa7 20. Rxa7 Bxf3 21.
Bxf3 Nbd7 22. e3 cxd4 23. exd4 Bd8 24. Na4 Nb6 25. Nc5 h6 26. Rb7 Nc4 27. b3
Nb6 28. Bd2 Nc8 29. Bf4 Be7 30. b6 Bd6 31. Bxd6 Nxd6 32. Ra7 Nb5 33. Ra4 Rb8
34. b7 Nc7 35. b4 Nd7 36. Nxd7 Rxb7 37. Nc5 Rb6 38. Be2 Kh7 39. Ra7 Rc6 40. b5
1-0

[Event "C.to Mondiale U14 femminile"]
[Site "Antalya TUR"]
[Date "2009.11.18"]
[Round "7"]
[White "Movileanu, Daniela"]
[Black "Guo, Emma"]
[Result "1-0"]
[WhiteElo "1825"]
[BlackElo "1910"]
[PlyCount "53"]
[EventDate "2009.11.12"]

1. e4 c5 2. Nf3 e6 3. d4 cxd4 4. Nxd4 a6 5. Nc3 Qc7 6. g3 b5 7. Bg2 Bb7 8. O-O
Nf6 9. Re1 d6 10. a4 bxa4 11. Nd5 exd5 12. exd5+ Kd8 13. Bg5 Nbd7 14. Qe2 Kc8
15. Ra3 Bxd5 16. Bxd5 Nxd5 17. Qf3 Qb7 18. Re8+ Kc7 19. Rxa8 Qxa8 20. Rc3+ Nc5
21. Qxf7+ Kb6 22. Rf3 Qb7 23. Bd8+ Nc7 24. Rf4 Qc8 25. Qe8 Ka7 26. Rf7 Be7 27.
Qxh8 1-0

[Event "C.to Mondiale U14 femminile"]
[Site "Antalya TUR"]
[Date "2009.11.19"]
[Round "8"]
[White "Movileanu, Daniela"]
[Black "Nandhidhaa, P.V."]
[Result "0-1"]
[WhiteElo "1825"]
[BlackElo "2007"]
[PlyCount "44"]
[EventDate "2009.11.12"]

1. e4 c5 2. Nf3 e6 3. d4 cxd4 4. Nxd4 a6 5. Nc3 Qc7 6. g3 Bb4 7. Bd2 Nf6 8. Bg2
O-O 9. O-O Nc6 10. Nde2 Be7 11. Kh1 b5 12. b3 Bb7 13. Nf4 Rac8 14. Nd3 Nd4 15.
b4 Qc4 16. a3 d6 17. Re1 e5 18. f4 Qc7 19. f5 Nd7 20. Ne2 Nb6 21. c3 Nxe2 22.
Qxe2 Nc4 0-1

[Event "C.to Mondiale U14 femminile"]
[Site "Antalya TUR"]
[Date "2009.11.20"]
[Round "9"]
[White "Anjana Krishna, S."]
[Black "Movileanu, Daniela"]
[Result "1-0"]
[WhiteElo "1908"]
[BlackElo "1825"]
[PlyCount "139"]
[EventDate "2009.11.12"]

1. e4 e5 2. Nf3 Nc6 3. Bc4 Bc5 4. c3 Nf6 5. d3 d6 6. Bb3 Bb6 7. O-O O-O 8. h3
h6 9. Nbd2 Be6 10. Bc2 Re8 11. Re1 Qd7 12. Nf1 d5 13. exd5 Bxd5 14. Ng3 Nh7 15.
Ba4 f6 16. Nh4 Be6 17. Be3 Rad8 18. Bxb6 cxb6 19. Bc2 Ng5 20. Nf3 Nf7 21. Qe2
Nd6 22. Nd2 Ne7 23. Nb3 Nc6 24. Rad1 Qc7 25. Rd2 Nf5 26. Nxf5 Bxf5 27. Qh5 Be6
28. Re3 Qf7 29. Qd1 Rd6 30. Nc1 Red8 31. Bb3 Bxb3 32. Qxb3 Ne7 33. Qxf7+ Kxf7
34. g3 b5 35. Kg2 Nc6 36. Nb3 b4 37. Kf3 b6 38. Ke2 bxc3 39. bxc3 Rc8 40. d4
exd4 41. Nxd4 Nxd4+ 42. cxd4 Rc4 43. Red3 Ke8 44. Ke3 Kd8 45. Ke4 Kc8 46. Rf3
Kb7 47. h4 b5 48. Rf5 Kc6 49. Rf4 b4 50. Rf5 Kb6 51. Rd5 Re6+ 52. Kf4 Re7 53.
Rd8 Rcc7 54. d5 Red7 55. Rb8+ Rb7 56. Rxb7+ Kxb7 57. Kf5 Kc7 58. Ke6 Kd8 59. d6
a5 60. Rd5 Ra7 61. Rb5 Kc8 62. Rb6 f5 63. f4 g6 64. Kf6 Kd7 65. Kxg6 Ke6 66.
Kxh6 Kd5 67. d7 Rxd7 68. Rb5+ Ke4 69. Rxa5 Rd3 70. Kg5 1-0

[Event "C.to Mondiale U14 femminile"]
[Site "Antalya TUR"]
[Date "2009.11.21"]
[Round "10"]
[White "Pachon, Adriana"]
[Black "Movileanu, Daniela"]
[Result "1/2-1/2"]
[WhiteElo "1930"]
[BlackElo "1825"]
[PlyCount "47"]
[EventDate "2009.11.12"]

1. e4 e5 2. Nf3 Nc6 3. Bc4 Bc5 4. c3 Nf6 5. d3 d6 6. O-O O-O 7. Nbd2 h6 8. h3
a6 9. Re1 Ba7 10. Nf1 Ne7 11. Be3 Ng6 12. Rc1 Be6 13. Bxe6 fxe6 14. Qb3 Qc8 15.
Ng3 Kh8 16. Bxa7 Rxa7 17. d4 exd4 18. cxd4 Qd7 19. Red1 Qe7 20. Rc2 Ne8 21. e5
Qf7 22. Ne4 Nf4 23. Nh2 Ra8 24. Ng4 1/2-1/2

[Event "C.to Mondiale U14 femminile"]
[Site "Antalya TUR"]
[Date "2009.11.21"]
[Round "10"]
[White "Sasmazel, Burcu"]
[Black "Balzano, Filli"]
[Result "1-0"]
[WhiteElo "1891"]
[BlackElo "1688"]
[PlyCount "60"]
[EventDate "2009.11.12"]

1. e4 c6 2. d4 d5 3. Nd2 dxe4 4. Nxe4 Bf5 5. Nc5 Qb6 6. Nb3 Nf6 7. Nf3 Nbd7 8.
Bf4 e6 9. g3 Be7 10. Bg2 O-O 11. O-O h6 12. Qe2 c5 13. c3 cxd4 14. Nbxd4 Bh7
15. Ne5 Nxe5 16. Bxe5 Rfd8 17. Rfd1 a6 18. a3 Rac8 19. Rac1 Nd7 20. Bf4 Nc5 21.
Be3 Nb3 22. Nxb3 Qxb3 23. Bd4 Rd7 24. Rd2 Rcd8 25. Rcd1 Bg6 26. Bf3 Bf5 27. Be3
Rxd2 28. Rxd2 Rxd2 29. Qxd2 Bf6 30. Bd1 Qd5 1-0